000 00642nam a2200205Ia 4500
003 GCL
008 140319s9999 xx 000 0 ara d
040 _aGCL /
_cGCL
082 0 4 _a292.08
_bع ف
100 1 _aعصمت نصار
245 1 0 _aالفكر الدينى عند اليونان /
_cعصمت نصار
260 _aالقاهرة :
_bالمكتبة المصرية ،
_c2004
300 _a185 ص ؛
_c24 سم
650 0 4 _aاليونان
650 0 4 _aالطقوس الدينية
650 0 4 _aالاعياد الدينية
650 0 4 _aاليونانيون
650 0 4 _aالديانة اليونانية
942 _2ddc
_cBK
999 _c6220
_d6220